000 00542nam a2200181Ia 4500
008 130821s1975 mx gr spa
040 _aCo-BoUCM
_bspa
041 _aspa
100 _aSanchez Vazquez, Adolfo
245 _aEstética y marxismo
_cAdolfo Sánchez V zquez
250 _a2a. ed.
260 _aMéxico D.F. (México)
_bEra
_c1975
300 _a2 volúmenes
650 0 4 _aEstética
_915073
650 0 4 _aFilosofía del arte
_915786
942 _cLIBRO
_a17
_e2
_mS15
_2DEWEY
_h701.17
999 _c7773
_d7773